000 00327nam a22001337a 4500
003 SGT
082 _a617.643
_bR13D
100 _aDOGRA, NAMRATA
245 _aRECENT TREATMENT MODALITIES IN ORTHODONTICS
260 _aDELHI NCR
_bSGT UNIVERSITY GURUGRAM
_c2013
300 _a1-207
650 _aORTHODONTICS
942 _2ddc
_cTH
999 _c18585
_d18585